Normal view
MARC view
Entry Término temático
001 - NÚMERO DE CONTROL
- campo de control: 166391
003 - IDENTIFICADOR DEL NÚMERO DE CONTROL
- campo de control: OSt
005 - FECHA Y HORA DE LA ÚLTIMA TRANSACCIÓN
- campo de control: 20220127160936.0
008 - DATOS DE LONGITUD FIJA
- campo de control de longitud fija: 220127|| aca||aabn | a|a d
040 ## - FUENTE DE LA CATALOGACIÓN
- Centro catalogador/agencia de origen: OSt
- Centro/agencia transcriptor: OSt
150 ## - ENCABEZAMIENTO--TÉRMINO DE MATERIA
- Término de materia o nombre geográfico como elemento de entrada: Maíz
- Subdivisión general: Enfermedades por virus Maíz
- Subdivisión general: Variedades resistentes a enfermedades Maíz
- Subdivisión general: Híbridos Virus del mosaico del maíz Achaparramiento del maíz Dalbulus maidis
670 ## - FUENTE DE DATOS ENCONTRADOS
- Cita de la fuente: Work cat.: (OSt)201468: Rentería Oseguera, José Jaime 95975, Comportamiento de familias de hermanos completos derivados de la variedad sintética de maíz (Zea mays L.) vs-22 al virus rayado fino y mosaico y enanismo del maíz /
